Phát triển năng lực nói và nghe cho học sinh lớp 11 qua tổ chức hoạt động thuyết trình trong dạy học văn bản văn học Việt Nam hiện đại : Luận văn Thạc sĩ Khoa học Giáo dục. Chuyên ngành Lý luận và Phương pháp dạy học bộ môn Văn và Tiếng Việt

Giới thiệu tổng quan tài liệu và cơ sở lý luận, thiết kế hoạt động thuyết trình trong dạy học văn bản văn học Việt Nam hiện đại theo định hướng phát triển năng lực nói và nghe.

সংরক্ষণ করুন:
গ্রন্থ-পঞ্জীর বিবরন
প্রধান লেখক: Lê, Thị Ngọc Lan
বিন্যাস: গ্রন্থ
ভাষা:Undetermined
প্রকাশিত: Cần Thơ Trường Đại học Cần Thơ 2018
বিষয়গুলি:
ট্যাগগুলো: ট্যাগ যুক্ত করুন
কোনো ট্যাগ নেই, প্রথমজন হিসাবে ট্যাগ করুন!
Thư viện lưu trữ: Trung tâm Học liệu Trường Đại học Cần Thơ
LEADER 01353nam a2200229Ia 4500
001 CTU_228953
008 210402s9999 xx 000 0 und d
082 |a 495.9220712 
082 |b L105 
088 |a 8140111 
100 |a Lê, Thị Ngọc Lan 
245 0 |a Phát triển năng lực nói và nghe cho học sinh lớp 11 qua tổ chức hoạt động thuyết trình trong dạy học văn bản văn học Việt Nam hiện đại : 
245 0 |b Luận văn Thạc sĩ Khoa học Giáo dục. Chuyên ngành Lý luận và Phương pháp dạy học bộ môn Văn và Tiếng Việt 
245 0 |c Lê Thị Ngọc Lan ; Nguyễn Kim Châu (Hướng dẫn khoa học) 
260 |a Cần Thơ 
260 |b Trường Đại học Cần Thơ 
260 |c 2018 
520 |a Giới thiệu tổng quan tài liệu và cơ sở lý luận, thiết kế hoạt động thuyết trình trong dạy học văn bản văn học Việt Nam hiện đại theo định hướng phát triển năng lực nói và nghe. 
650 |a Vietnamese philology,Ngữ văn Việt Nam 
650 |x Research,Study and teaching,Dạy và học,Nghiên cứu 
910 |b nthai 
980 |a Trung tâm Học liệu Trường Đại học Cần Thơ